Dipartimenti del Regno d'Italia Napoleonico nel 1812 su una Mappa - Statistics

Statistiche generali
  • Questo quiz è stato fatto 23 volte
  • Il punteggio medio è 10 su 24
Risposte nella Mappa
Le risposte nella mappa del quiz sottostante sono codificate secondo una scala di colori dal rosso al verde in base alla % di persone che hanno risposto correttamente.
 
Statistiche sulle risposte
Risposta % Corretto
Adda
78%
Adige
78%
Tagliamento
72%
Reno
67%
Rubicone
61%
Alto Adige
56%
Brenta
56%
Piave
56%
Tronto
56%
Adriatico
44%
Basso Po
44%
Mincio
44%
Alto Po
39%
Lario
39%
Metauro
33%
Panaro
33%
Serio
33%
Musone
28%
Olona
28%
Bacchiglione
22%
Mella
22%
Agogna
17%
Crostolo
17%
Passariano
17%
Nessun quiz corrispondente trovato
Distribuzione punteggi
Percentuale di utenti per punteggio
Percentile per numero di risposta
I tuoi punteggi nel tempo
Non hai fatto questo quiz